| 000 | 00712nam a22002297a 4500 | ||
|---|---|---|---|
| 999 |
_c13015 _d13015 |
||
| 003 | AR-CdUCM | ||
| 008 | 190410b ||||| |||| 00| 0 spa d | ||
| 040 |
_aMUNICIPALIDAD PROVINCIAL DEL CUSCO _cBIBLIOTECA MUNICIPAL DEL CUSCO |
||
| 082 |
_a869.508 / _bC24 / 1973 |
||
| 100 |
_aCamino Calderón, Carlos _99048 |
||
| 245 | _aEl daño / | ||
| 260 |
_aLima : _bEdiciones PEISA, _c1973. |
||
| 300 |
_a220 páginas ; _c17 cm. |
||
| 440 |
_aBiblioteca Peruana. _911247 |
||
| 505 | _aContenido: Novela. | ||
| 650 |
_aLiteratura Peruana _9132 |
||
| 650 |
_aSiglo XX _98 |
||
| 650 |
_aNovela _95 |
||
| 710 |
_aGobierno Revolucionario del Perú (auspicio) _931040 |
||
| 942 |
_2ddc _cLIBROS |
||
| 945 |
_aachl _d2019-04-10 |
||